<?xml version="1.0" encoding="UTF-8"?>
<marc:record xmlns:marc="http://www.loc.gov/MARC21/slim" type="Bibliographic">
   <marc:leader>00000pam a2200000 c 4500</marc:leader>
   <marc:controlfield tag="001">976470993</marc:controlfield>
   <marc:controlfield tag="003">DE-101</marc:controlfield>
   <marc:controlfield tag="005">20171201215404.0</marc:controlfield>
   <marc:controlfield tag="007">tu</marc:controlfield>
   <marc:controlfield tag="008">050922s2006    gw ||||| |||| 00||||ger  </marc:controlfield>
   <marc:datafield ind1=" " ind2=" " tag="015">
      <marc:subfield code="a">07,A08,1341</marc:subfield>
      <marc:subfield code="z">05,N42,0854</marc:subfield>
      <marc:subfield code="2">dnb</marc:subfield>
   </marc:datafield>
   <marc:datafield ind1="7" ind2=" " tag="016">
      <marc:subfield code="2">DE-101</marc:subfield>
      <marc:subfield code="a">976470993</marc:subfield>
   </marc:datafield>
   <marc:datafield ind1=" " ind2=" " tag="020">
      <marc:subfield code="a">9783822849156</marc:subfield>
      <marc:subfield code="c">kart.</marc:subfield>
      <marc:subfield code="9">978-3-8228-4915-6</marc:subfield>
   </marc:datafield>
   <marc:datafield ind1=" " ind2=" " tag="020">
      <marc:subfield code="a">3822849154</marc:subfield>
      <marc:subfield code="c">kart.</marc:subfield>
      <marc:subfield code="9">3-8228-4915-4</marc:subfield>
   </marc:datafield>
   <marc:datafield ind1="3" ind2=" " tag="024">
      <marc:subfield code="a">9783822849156</marc:subfield>
   </marc:datafield>
   <marc:datafield ind1=" " ind2=" " tag="035">
      <marc:subfield code="a">(DE-599)DNB976470993</marc:subfield>
   </marc:datafield>
   <marc:datafield ind1=" " ind2=" " tag="035">
      <marc:subfield code="a">(OCoLC)180888610</marc:subfield>
   </marc:datafield>
   <marc:datafield ind1=" " ind2=" " tag="040">
      <marc:subfield code="a">1145</marc:subfield>
      <marc:subfield code="b">ger</marc:subfield>
      <marc:subfield code="c">DE-101</marc:subfield>
      <marc:subfield code="d">9999</marc:subfield>
   </marc:datafield>
   <marc:datafield ind1=" " ind2=" " tag="041">
      <marc:subfield code="a">ger</marc:subfield>
   </marc:datafield>
   <marc:datafield ind1=" " ind2=" " tag="044">
      <marc:subfield code="c">XA-DE-NW</marc:subfield>
   </marc:datafield>
   <marc:datafield ind1="0" ind2="4" tag="082">
      <marc:subfield code="8">1\u</marc:subfield>
      <marc:subfield code="a">709.2</marc:subfield>
      <marc:subfield code="q">DE-101</marc:subfield>
      <marc:subfield code="2">22/ger</marc:subfield>
   </marc:datafield>
   <marc:datafield ind1="7" ind2=" " tag="083">
      <marc:subfield code="a">700</marc:subfield>
      <marc:subfield code="q">DE-101</marc:subfield>
      <marc:subfield code="2">22sdnb</marc:subfield>
   </marc:datafield>
   <marc:datafield ind1=" " ind2=" " tag="085">
      <marc:subfield code="8">1\u</marc:subfield>
      <marc:subfield code="b">709.2</marc:subfield>
   </marc:datafield>
   <marc:datafield ind1=" " ind2=" " tag="090">
      <marc:subfield code="a">b</marc:subfield>
   </marc:datafield>
   <marc:datafield ind1="1" ind2=" " tag="100">
      <marc:subfield code="0">(DE-588)13250538X</marc:subfield>
      <marc:subfield code="0">https://d-nb.info/gnd/13250538X</marc:subfield>
      <marc:subfield code="0">(DE-101)13250538X</marc:subfield>
      <marc:subfield code="a">Hess, Barbara</marc:subfield>
      <marc:subfield code="d">1964-</marc:subfield>
      <marc:subfield code="e">Verfasser</marc:subfield>
      <marc:subfield code="4">aut</marc:subfield>
      <marc:subfield code="2">gnd</marc:subfield>
   </marc:datafield>
   <marc:datafield ind1="1" ind2="0" tag="245">
      <marc:subfield code="a">Lucio Fontana</marc:subfield>
      <marc:subfield code="b">1899 - 1968 ; "ein neues Faktum in der Skulptur"</marc:subfield>
      <marc:subfield code="c">Barbara Hess</marc:subfield>
   </marc:datafield>
   <marc:datafield ind1=" " ind2="1" tag="264">
      <marc:subfield code="a">Hong Kong</marc:subfield>
      <marc:subfield code="a">Köln</marc:subfield>
      <marc:subfield code="a">London</marc:subfield>
      <marc:subfield code="a">Los Angeles</marc:subfield>
      <marc:subfield code="a">Madrid</marc:subfield>
      <marc:subfield code="a">Paris</marc:subfield>
      <marc:subfield code="a">Tokyo</marc:subfield>
      <marc:subfield code="b">Taschen</marc:subfield>
      <marc:subfield code="c">2006</marc:subfield>
   </marc:datafield>
   <marc:datafield ind1=" " ind2=" " tag="300">
      <marc:subfield code="a">96 S.</marc:subfield>
      <marc:subfield code="b">zahlr. Ill.</marc:subfield>
      <marc:subfield code="c">23 cm</marc:subfield>
   </marc:datafield>
   <marc:datafield ind1=" " ind2=" " tag="336">
      <marc:subfield code="a">Text</marc:subfield>
      <marc:subfield code="b">txt</marc:subfield>
      <marc:subfield code="2">rdacontent</marc:subfield>
   </marc:datafield>
   <marc:datafield ind1=" " ind2=" " tag="336">
      <marc:subfield code="a">unbewegtes Bild</marc:subfield>
      <marc:subfield code="b">sti</marc:subfield>
      <marc:subfield code="2">rdacontent</marc:subfield>
   </marc:datafield>
   <marc:datafield ind1=" " ind2=" " tag="337">
      <marc:subfield code="a">ohne Hilfsmittel zu benutzen</marc:subfield>
      <marc:subfield code="b">n</marc:subfield>
      <marc:subfield code="2">rdamedia</marc:subfield>
   </marc:datafield>
   <marc:datafield ind1=" " ind2=" " tag="338">
      <marc:subfield code="a">Band</marc:subfield>
      <marc:subfield code="b">nc</marc:subfield>
      <marc:subfield code="2">rdacarrier</marc:subfield>
   </marc:datafield>
   <marc:datafield ind1="1" ind2="7" tag="600">
      <marc:subfield code="0">(DE-588)11869216X</marc:subfield>
      <marc:subfield code="0">https://d-nb.info/gnd/11869216X</marc:subfield>
      <marc:subfield code="0">(DE-101)11869216X</marc:subfield>
      <marc:subfield code="a">Fontana, Lucio</marc:subfield>
      <marc:subfield code="d">1899-1968</marc:subfield>
      <marc:subfield code="9">rswk-swf</marc:subfield>
      <marc:subfield code="2">gnd</marc:subfield>
   </marc:datafield>
   <marc:datafield ind1=" " ind2=" " tag="653">
      <marc:subfield code="a">(VLB-PF)00: (unbekannt)</marc:subfield>
   </marc:datafield>
   <marc:datafield ind1=" " ind2="7" tag="655">
      <marc:subfield code="0">(DE-588)4145395-5</marc:subfield>
      <marc:subfield code="0">https://d-nb.info/gnd/4145395-5</marc:subfield>
      <marc:subfield code="0">(DE-101)041453956</marc:subfield>
      <marc:subfield code="a">Bildband</marc:subfield>
      <marc:subfield code="2">gnd-content</marc:subfield>
   </marc:datafield>
   <marc:datafield ind1=" " ind2="7" tag="655">
      <marc:subfield code="a">Bildband</marc:subfield>
      <marc:subfield code="9">rswk-swf</marc:subfield>
      <marc:subfield code="2">gnd</marc:subfield>
   </marc:datafield>
   <marc:datafield ind1="0" ind2="0" tag="689">
      <marc:subfield code="0">(DE-588)11869216X</marc:subfield>
      <marc:subfield code="0">https://d-nb.info/gnd/11869216X</marc:subfield>
      <marc:subfield code="0">(DE-101)11869216X</marc:subfield>
      <marc:subfield code="D">p</marc:subfield>
      <marc:subfield code="a">Fontana, Lucio</marc:subfield>
      <marc:subfield code="d">1899-1968</marc:subfield>
   </marc:datafield>
   <marc:datafield ind1="0" ind2="1" tag="689">
      <marc:subfield code="A">f</marc:subfield>
      <marc:subfield code="a">Bildband</marc:subfield>
   </marc:datafield>
   <marc:datafield ind1="0" ind2=" " tag="689">
      <marc:subfield code="5">DE-101</marc:subfield>
      <marc:subfield code="5">DE-101</marc:subfield>
   </marc:datafield>
   <marc:datafield ind1="1" ind2=" " tag="700">
      <marc:subfield code="0">(DE-588)11869216X</marc:subfield>
      <marc:subfield code="0">https://d-nb.info/gnd/11869216X</marc:subfield>
      <marc:subfield code="0">(DE-101)11869216X</marc:subfield>
      <marc:subfield code="a">Fontana, Lucio</marc:subfield>
      <marc:subfield code="d">1899-1968</marc:subfield>
      <marc:subfield code="e">Illustrator</marc:subfield>
      <marc:subfield code="4">ill</marc:subfield>
      <marc:subfield code="2">gnd</marc:subfield>
   </marc:datafield>
   <marc:datafield ind1="0" ind2="8" tag="776">
      <marc:subfield code="i">Engl. Ausg. u.d.T.:</marc:subfield>
      <marc:subfield code="a">Hess, Barbara, 1964-</marc:subfield>
      <marc:subfield code="t">Lucio Fontana</marc:subfield>
      <marc:subfield code="d">Hong Kong ; Köln ; London ; Los Angeles ; Madrid ; Paris ; Tokyo : Taschen, 2006</marc:subfield>
      <marc:subfield code="h">96 S., zahlr. Ill.</marc:subfield>
      <marc:subfield code="w">(DE-101)982156677</marc:subfield>
   </marc:datafield>
   <marc:datafield ind1="0" ind2="8" tag="776">
      <marc:subfield code="i">Franz. Ausg. u.d.T.:</marc:subfield>
      <marc:subfield code="a">Hess, Barbara, 1964-</marc:subfield>
      <marc:subfield code="t">Lucio Fontana</marc:subfield>
      <marc:subfield code="d">Hong Kong ; Köln ; London ; Los Angeles ; Madrid ; Paris ; Tokyo : Taschen, 2006</marc:subfield>
      <marc:subfield code="h">96 S., zahlr. Ill.</marc:subfield>
      <marc:subfield code="w">(DE-101)982547579</marc:subfield>
   </marc:datafield>
   <marc:datafield ind1="0" ind2="8" tag="776">
      <marc:subfield code="i">Niederländ. Ausg. u.d.T.:</marc:subfield>
      <marc:subfield code="a">Hess, Barbara, 1964-</marc:subfield>
      <marc:subfield code="t">Lucio Fontana</marc:subfield>
      <marc:subfield code="d">Hong Kong ; Köln ; London ; Los Angeles ; Madrid ; Paris ; Tokyo : Taschen, 2006</marc:subfield>
      <marc:subfield code="h">96 S., zahlr. Ill.</marc:subfield>
      <marc:subfield code="w">(DE-101)982655428</marc:subfield>
   </marc:datafield>
   <marc:datafield ind1="0" ind2="8" tag="776">
      <marc:subfield code="i">Span. Ausg. u.d.T.:</marc:subfield>
      <marc:subfield code="a">Hess, Barbara, 1964-</marc:subfield>
      <marc:subfield code="t">Lucio Fontana</marc:subfield>
      <marc:subfield code="d">Hong Kong ; Köln ; London ; Los Angeles ; Madrid ; Paris ; Tokyo : Taschen, 2006</marc:subfield>
      <marc:subfield code="h">96 S., zahlr. Ill.</marc:subfield>
      <marc:subfield code="w">(DE-101)982536054</marc:subfield>
   </marc:datafield>
   <marc:datafield ind1=" " ind2=" " tag="850">
      <marc:subfield code="a">DE-101a</marc:subfield>
      <marc:subfield code="a">DE-101b</marc:subfield>
   </marc:datafield>
   <marc:datafield ind1="r" ind2=" " tag="925">
      <marc:subfield code="a">ra</marc:subfield>
   </marc:datafield>
</marc:record>
